Die erfolgreichsten Songs 2021 in Deutschland - Statistiken

Allgemein
  • Dieses Quiz wurde 205 mal gespielt
  • Das Durchschnittsergebnis liegt bei 4 aus 10
Antwortstatistiken
Interpret Song % Korrekt
9 The Weeknd Blinding Lights
80%
6 The Kid LAROI & Justin Bieber Stay
73%
10 Olivia Rodrigo Good 4 U
53%
1 Nathan Evans Wellerman
53%
2 Ed Sheeran Bad Habits
42%
5 The Weeknd Save Your Tears
32%
7 Shouse Love Tonight
27%
4 Riton & Nightcrawlers feat. Mufasa Friday
21%
3 Tiësto The Business
17%
8 ATB, Topic, A7S Your Love (9PM)
12%
Keine übereinstimmenden Quizze gefunden
Verteilung der Resultate
Anzahl Personen mit jedem Resultat
Perzentil nach korrekt beantworteten Fragen
Ihre Resultats-Entwicklung
Sie haben dieses Quiz noch nicht gespielt